| 000 | 01051nam a22002297a 4500 | ||
|---|---|---|---|
| 999 |
_c7433 _d7433 |
||
| 001 | 21006 | ||
| 003 | BD-DhUAP | ||
| 005 | 20210121151916.0 | ||
| 008 | 210121s2020 bg a|||| |||| 000 0 ben d | ||
| 020 | _a9847007609451 | ||
| 040 |
_aBD-DhUAP _bBen _cBD-DhUAP _dBD-DhUAP |
||
| 082 |
_223 _a398.2 COB |
||
| 245 |
_aছবি ছড়ায় বঙ্গবন্ধু / _cহাসেম খান ... [এবং অন্যান্য] কর্তৃক সম্পাদিত। |
||
| 250 | _aমুজিববর্ষ সং.। | ||
| 260 |
_aঢাকা : _bবাংলাদেশ শিশু একাডেমি, _cc২০২০। |
||
| 300 |
_a৪৬ পৃষ্ঠা : _bচিত্র ; _c২৮ সেমি.। |
||
| 490 | _aজাতির পিতা বঙ্গবন্ধু শেখ মুজিবুর রহমান শিশু-গ্রন্থমালা ৬। | ||
| 600 |
_aRahman, Shekik Mujibur _d1920-1975. |
||
| 650 | _aBengali Rhyme. | ||
| 700 | _aখান, হাসেম. | ||
| 942 |
_2ddc _cBK |
||